000 00517nam a2200193Ia 4500
008 151119s9999||||xx |||||||||||||| ||und||
082 _a891.46308
082 _bGKKV27919
100 _aघाटे उज्वला
245 _aचैत्रांगण
260 _a--
260 _b--
260 _c0
600 _aघाटे उज्वला
630 _aचैत्रांगण
700 _aघाटे उज्वला
730 _aचैत्रांगण
942 _cBOOK
999 _c1080338
_d1080335